Statistiques concernant Harry Potter: la Coupe de Helga Poufsouffle

Cliquez ici pour prendre le quiz!

Statistiques générales

  • Ce quiz a été pris 87 fois
  • Le résultat moyen est 10 sur 13

Statistiques - réponses

InformationRéponse% Correct
Derniere apparitionHarry Potter et les Reliques de la Mort
99%
Première apparitionHarry Potter et le Prince de Sang Mélé
97%
1er propriétaireHelga Poufsouffle
96%
MetalOr
96%
3e Proriétaire (Horcruxe)Voldemort
96%
DestructeurHermione Granger
91%
Lieu de DestructionChambre des Secrets
88%
CachetteCoffre des Lestrange
87%
Moyen de destructionCrochet de Basilic
87%
Date de destruction2 mai 1998
72%
2e proprietaireHepzibah Smith
52%
Personne tuée pour en faire un HorcruxeHepzibah Smith
52%
Date de fabricationEpoque des fondateurs de Poudlard
23%

Distribution des résultats

Percentile par nombre de réponses

% des personnes avec chaque résultat

Votre développement - résultats

Vous n’avez pas pris ce quiz